Development of the social security act (Record no. 433425)

000 -LEADER
fixed length control field 00356cam a22001217a 4500
008 - FIXED-LENGTH DATA ELEMENTS--GENERAL INFORMATION
fixed length control field 180718b1962 xxu||||| |||| 00| 0 eng d
082 ## - DEWEY DECIMAL CLASSIFICATION NUMBER
Classification number Q503x73 W783
100 ## - MAIN ENTRY--PERSONAL NAME
Personal name Witte, Edwin E.
245 ## - TITLE STATEMENT
Title Development of the social security act
Statement of responsibility, etc. by Edwin E. Witte
260 ## - PUBLICATION, DISTRIBUTION, ETC.
Place of publication, distribution, etc. Madison
Name of publisher, distributor, etc. Univesity of Wisconsin
Date of publication, distribution, etc. 1962
300 ## - PHYSICAL DESCRIPTION
Extent 220p.
650 ## - SUBJECT ADDED ENTRY--TOPICAL TERM
Topical term or geographic name entry element Social security act
Holdings
Withdrawn status Lost status Damaged status Not for loan Permanent Location Current Location Date acquired Full call number Barcode Date last seen Price effective from Koha item type
        Indian Institute of Public Administration Indian Institute of Public Administration 2010-02-09 Q503x73 W783 30425 2018-07-21 2018-07-21 Book

Powered by Koha